Sports Teams from Los Angeles, New York City, and Chicago - Statistics

General Stats
  • This quiz has been taken 2,022 times
  • The average score is 17 of 18
Answer Stats
Hint Answer % Correct
Chicago Basketball Bulls
97%
Los Angeles Basketball Lakers
97%
New York Football Giants
96%
New York Basketball Knicks
96%
New York Baseball Yankees
96%
Chicago Football Bears
95%
New York Football Jets
95%
Chicago Baseball Cubs
94%
New York Baseball Mets
94%
New York Basketball Nets
93%
Chicago Baseball White Sox
93%
Los Angeles Baseball Dodgers
92%
Los Angeles Basketball Clippers
91%
Chicago Hockey Blackhawks
87%
New York Hockey Rangers
87%
Los Angeles Baseball Angels
86%
Los Angeles Hockey Kings
85%
New York Hockey Islanders
82%
No matching quizzes found
Score Distribution
Percent of People with Each Score
Percentile by Number Answered
Your Score History
You have not taken this quiz